| 000 | 01005nmm a2200337 a 4500 | ||
|---|---|---|---|
| 001 | ocm0001299451 | ||
| 003 | TR-IsHL | ||
| 005 | 20201028162103.0 | ||
| 008 | 160715s2014 tu tur | ||
| 007 | cr cn | ||
| 020 | _a9786055541781 | ||
| 035 |
_a1299451 _b(N$T) |
||
| 050 | 0 | 4 |
_aHB501 _b.M371 2014 |
| 090 | 0 | 4 |
_aHB501 _b.M371 2014 |
| 100 | 1 | _aMarx, Karl | |
| 245 | 1 | 0 |
_aKapital: ekonomi politiğin eleştirisi _h[electronic resource] / _cKarl Marx ; çeviri Mehmet Selik |
| 250 | _a3. basım | ||
| 260 |
_aİstanbul : _bYordam Kitap, _c2014 |
||
| 300 | _a513 p. | ||
| 500 |
_aDizin var. _x |
||
| 650 | 4 | _aEkonomi ve Finans | |
| 650 | 4 | _aEconomics and Finance | |
| 650 | 0 | _aMarx, Karl, 1818-1883 | |
| 650 | 0 | _aSermaye | |
| 650 | 0 | _aCapital | |
| 650 | 0 | _aEkonomi | |
| 650 | 0 | _aEconomics | |
| 650 | 7 |
_aBUSINESS & ECONOMICS / General _2bisacsh |
|
| 700 | 1 | _aSelik, Mehmet | |
| 856 | 4 | 0 | _uhttp://search.ebscohost.com/login.aspx?direct=true&scope=site&db=e011xww&AN=1299451 |
| 999 |
_c14525 _d14525 |
||